[Event "FICGS rapid B 000391 email"]
[Site "FICGS email"]
[Date "2023.07.10"]
[Round "1"]
[White "Pech, Stepan"]
[Black "Phillips, Wendell"]
[Result "1-0"]
[WhiteElo "2074"]
[BlackElo "1722"]
[PlyCount "45"]
[EventDate "2023.??.??"]
[EventType "tourn (rapid)"]
[EventRounds "6"]
[SourceTitle "Corr 2024"]
[Source "ChessBase"]
[SourceDate "2023.10.19"]
[SourceVersion "1"]
[SourceVersionDate "2023.10.19"]
[SourceQuality "1"]

1. b4 d6 2. e3 c6 3. d4 Qc7 4. Bd3 e5 5. Bb2 Nd7 6. Nf3 Ngf6 7. Nbd2 h6 8. c4 Be7 9. a4 0-0 10. 0-0 Re8 11. a5 Bf8 12. Qc2 Qd8 13. dxe5 dxe5 14. c5 Qe7 15. e4 Qd8 16. Nc4 Qc7 17. Bc3 Nh7 18. Qb2 f6 19. Qb3 Kh8 20. Nh4 g5 21. Nf5 Nb8 22. Ncd6 Bxd6 23. cxd6 1-0

[Event "FICGS rapid A 000294 email"]
[Site "FICGS email"]
[Date "2023.05.15"]
[Round "1"]
[White "Maron, Paul"]
[Black "Pech, Stepan"]
[Result "1/2-1/2"]
[WhiteElo "1965"]
[BlackElo "2002"]
[PlyCount "37"]
[EventDate "2023.??.??"]
[EventType "tourn (rapid)"]
[EventRounds "6"]
[SourceTitle "Corr 2024"]
[Source "ChessBase"]
[SourceDate "2023.10.19"]
[SourceVersion "1"]
[SourceVersionDate "2023.10.19"]
[SourceQuality "1"]

1. e4 e6 2. d4 d5 3. e5 c5 4. c3 Nc6 5. Nf3 Bd7 6. dxc5 Bxc5 7. b4 Bb6 8. b5 Na5 9. Bd3 Ne7 10. 0-0 Rc8 11. a4 Ng6 12. Re1 0-0 13. Ba3 Re8 14. Nbd2 Rxc3 15. Qb1 a6 16. Bb4 Rxd3 17. Qxd3 axb5 18. axb5 Nc4 19. Nxc4 1/2-1/2

[Event "FICGS rapid A 000294 email"]
[Site "FICGS email"]
[Date "2023.05.15"]
[Round "1"]
[White "Pech, Stepan"]
[Black "Ramirez, Eliecer"]
[Result "1/2-1/2"]
[WhiteElo "2002"]
[BlackElo "2055"]
[PlyCount "60"]
[EventDate "2023.??.??"]
[EventType "tourn (rapid)"]
[EventRounds "6"]
[SourceTitle "Corr 2024"]
[Source "ChessBase"]
[SourceDate "2023.10.19"]
[SourceVersion "1"]
[SourceVersionDate "2023.10.19"]
[SourceQuality "1"]

1. d4 d5 2. c4 c6 3. Nf3 Nf6 4. Nc3 e6 5. e3 Nbd7 6. Qc2 Bd6 7. Bd3 0-0 8. 0-0 dxc4 9. Bxc4 b5 10. Bd3 Bb7 11. a3 a6 12. b4 a5 13. Rb1 axb4 14. axb4 Qe7 15. e4 e5 16. Ne2 Bxb4 17. Ng3 g6 18. dxe5 Ng4 19. e6 fxe6 20. Bg5 Qc5 21. Qb3 Nge5 22. Qxe6+ Rf7 23. Nxe5 Nxe5 24. Be2 Bc8 25. Qb3 Ba5 26. Be3 Qe7 27. Qb2 Bc7 28. Bd4 Nc4 29. Bxc4 bxc4 30. Ra1 Rb8 1/2-1/2

[Event "FICGS unrated 00066 email"]
[Site "FICGS email"]
[Date "2023.04.16"]
[Round "1"]
[White "Pech, Stepan"]
[Black "Brand Lyard, Paul"]
[Result "1-0"]
[WhiteElo "1993"]
[BlackElo "1372"]
[PlyCount "43"]
[EventDate "2023.??.??"]
[EventType "swiss (corr)"]
[EventRounds "1"]
[SourceTitle "Corr 2024"]
[Source "ChessBase"]
[SourceDate "2023.10.19"]
[SourceVersion "1"]
[SourceVersionDate "2023.10.19"]
[SourceQuality "1"]

1. e4 e5 2. Nf3 Nc6 3. Bb5 d6 4. d4 Bg4 5. dxe5 Bxf3 6. Qxf3 dxe5 7. Bxc6+ bxc6 8. 0-0 Nf6 9. Bg5 Rg8 10. Rd1 Qb8 11. Nd2 Qxb2 12. Nc4 Qxc2 13. Rac1 Qxa2 14. Nxe5 h6 15. Nxc6 hxg5 16. e5 g4 17. Qd3 Bd6 18. exd6 Qd5 19. Qe3+ Qe6 20. dxc7 Qxe3 21. Rd8+ Rxd8 22. cxd8Q# 1-0

[Event "FICGS unrated 00066 email"]
[Site "FICGS email"]
[Date "2023.04.16"]
[Round "1"]
[White "Pech, Stepan"]
[Black "Schangareev, Mirzian"]
[Result "0-1"]
[WhiteElo "1993"]
[BlackElo "1944"]
[PlyCount "34"]
[EventDate "2023.??.??"]
[EventType "swiss (corr)"]
[EventRounds "1"]
[SourceTitle "Corr 2024"]
[Source "ChessBase"]
[SourceDate "2023.10.19"]
[SourceVersion "1"]
[SourceVersionDate "2023.10.19"]
[SourceQuality "1"]

1. d4 d5 2. c4 e6 3. Nc3 c6 4. e4 dxe4 5. Nxe4 Bb4+ 6. Bd2 Qxd4 7. Bxb4 Qxe4+ 8. Be2 Na6 9. Ba5 b6 10. Qd6 f6 11. f3 Qf5 12. Bxb6 axb6 13. Qxc6+ Kf7 14. Qxa8 Qa5+ 15. Kf1 Ne7 16. Nh3 Rd8 17. Nf2 Rd7 0-1

[Event "FICGS rapid A 000293 email"]
[Site "FICGS email"]
[Date "2023.04.02"]
[Round "1"]
[White "Schangareev, Mirzian"]
[Black "Pech, Stepan"]
[Result "0-1"]
[WhiteElo "1944"]
[BlackElo "1993"]
[PlyCount "114"]
[EventDate "2023.??.??"]
[EventType "tourn (rapid)"]
[EventRounds "6"]
[SourceTitle "Corr 2024"]
[Source "ChessBase"]
[SourceDate "2023.10.19"]
[SourceVersion "1"]
[SourceVersionDate "2023.10.19"]
[SourceQuality "1"]

1. d4 d5 2. Nf3 Nf6 3. c4 c6 4. Nc3 e6 5. Bg5 h6 6. Bxf6 Qxf6 7. e3 Nd7 8. e4 dxe4 9. Nxe4 Bb4+ 10. Ned2 0-0 11. Be2 e5 12. 0-0 Re8 13. Ne4 Qf4 14. a3 Bf8 15. Nc3 exd4 16. Qxd4 Qxd4 17. Nxd4 a5 18. Rfe1 a4 19. Bg4 Ne5 20. Bd1 Bc5 21. Nf3 Nxf3+ 22. Bxf3 Be6 23. Be2 g6 24. Rac1 Be7 25. Rcd1 Bf6 26. Kf1 Kg7 27. Rd2 Ra5 28. Ne4 Be5 29. h3 Re7 30. Red1 h5 31. Re1 Bf4 32. Rd4 f5 33. Nc3 Be5 34. Rd8 h4 35. Rb1 g5 36. Re1 g4 37. hxg4 fxg4 38. Rd3 Rf7 39. Red1 Bxc4 40. Re3 Bb3 41. Rdd3 Bc2 42. Rd8 Bf5 43. Kg1 Bf6 44. Rd1 Re5 45. Rxe5 Bxe5 46. g3 hxg3 47. fxg3 Bxg3 48. Bc4 Rf8 49. Kg2 Be5 50. Re1 Bxc3 51. bxc3 Rh8 52. Kf2 Rh3 53. Re3 Kf6 54. Bf1 Rxe3 55. Kxe3 Ke5 56. Bg2 Be6 57. Bf1 b5 0-1

[Event "FICGS no engines 124 email"]
[Site "FICGS email"]
[Date "2022.11.13"]
[Round "1"]
[White "Pech, Stepan"]
[Black "Brand Lyard, Paul"]
[Result "0-1"]
[WhiteElo "1948"]
[BlackElo "1400"]
[PlyCount "20"]
[EventDate "2022.??.??"]
[EventType "swiss (corr)"]
[EventRounds "1"]
[SourceTitle "Corr 2024"]
[Source "ChessBase"]
[SourceDate "2023.10.19"]
[SourceVersion "1"]
[SourceVersionDate "2023.10.19"]
[SourceQuality "1"]

1. b4 d5 2. Bb2 e6 3. b5 a6 4. a4 axb5 5. axb5 Rxa1 6. Bxa1 b6 7. Nf3 g6 8. Bxh8 Nf6 9. g3 Bb7 10. d3 d4 0-1

[Event "FICGS rapid A 000289 email"]
[Site "FICGS email"]
[Date "2022.11.13"]
[Round "1"]
[White "Pech, Stepan"]
[Black "Hepp, Henrique"]
[Result "1/2-1/2"]
[WhiteElo "1948"]
[BlackElo "1900"]
[PlyCount "110"]
[EventDate "2022.??.??"]
[EventType "tourn (rapid)"]
[EventRounds "6"]
[SourceTitle "Corr 2024"]
[Source "ChessBase"]
[SourceDate "2023.10.19"]
[SourceVersion "1"]
[SourceVersionDate "2023.10.19"]
[SourceQuality "1"]

1. d4 Nf6 2. c4 e6 3. Nc3 Bb4 4. e3 c5 5. Bd3 0-0 6. Nf3 d5 7. 0-0 cxd4 8. exd4 dxc4 9. Bxc4 b6 10. Bg5 Bb7 11. Qe2 Nbd7 12. Rac1 h6 13. Bh4 Be7 14. Rfd1 a6 15. Ne5 b5 16. Bb3 Qe8 17. Nxd7 Qxd7 18. Bxf6 Bxf6 19. d5 exd5 20. Nxd5 Bxd5 21. Rxd5 Rae8 22. Qd3 Qc8 23. Rd1 Bxb2 24. g3 Qc3 25. Qb1 Ba3 26. Rf5 Re5 27. h4 Be7 28. Rf4 a5 29. Bd5 b4 30. Bb3 Re2 31. Kf1 Rb2 32. Qe4 Bf6 33. Rf3 Qe5 34. Qxe5 Bxe5 35. Rd5 a4 36. Rxe5 axb3 37. axb3 Rb8 38. Re2 Rb1+ 39. Re1 Rb2 40. Re7 f6 41. Rd3 Kh7 42. g4 Rc8 43. Rdd7 Rg8 44. Re3 h5 45. gxh5 Kh6 46. Rg3 Kxh5 47. Rb7 Kxh4 48. Rxb4+ Kh5 49. Rh3+ Kg6 50. Kg2 Kf7 51. Rb7+ Kg6 52. Rg3+ Kh6 53. Rh3+ Kg6 54. Rg3+ Kh6 55. Rh3+ Kg6 1/2-1/2

[Event "FICGS rapid C 000286 email"]
[Site "FICGS email"]
[Date "2022.07.14"]
[Round "1"]
[White "Pech, Stepan"]
[Black "Leurette, Marc Antoine"]
[Result "1-0"]
[WhiteElo "1849"]
[BlackElo "1734"]
[PlyCount "65"]
[EventDate "2022.??.??"]
[EventType "tourn (rapid)"]
[EventRounds "4"]
[SourceTitle "Corr 2024"]
[Source "ChessBase"]
[SourceDate "2023.10.19"]
[SourceVersion "1"]
[SourceVersionDate "2023.10.19"]
[SourceQuality "1"]

1. d4 d5 2. c4 e6 3. Nc3 Nf6 4. Bg5 Be7 5. e3 b6 6. Nf3 Bb7 7. cxd5 exd5 8. Bd3 0-0 9. 0-0 Nbd7 10. Qc2 g6 11. Rfd1 Kg7 12. Rac1 c5 13. Be2 h6 14. Bf4 c4 15. Ne5 a6 16. a4 Nxe5 17. dxe5 Ne8 18. Nxd5 Bxd5 19. e4 Be6 20. Rxd8 Rxd8 21. Bxc4 a5 22. Bxe6 fxe6 23. Be3 Kh7 24. Bxb6 Ra8 25. Qd2 Bg5 26. Qd7+ Ng7 27. Rc7 Rg8 28. Qxe6 Bd8 29. Rb7 Ra6 30. Qd6 Bxb6 31. Rxb6 Rxb6 32. Qxb6 Ra8 33. g3 1-0

[Event "FICGS rapid C 000284 email"]
[Site "FICGS email"]
[Date "2022.05.28"]
[Round "1"]
[White "Pech, Stepan"]
[Black "Pintor, Manuel"]
[Result "1-0"]
[WhiteElo "1835"]
[BlackElo "1718"]
[PlyCount "37"]
[EventDate "2022.??.??"]
[EventType "tourn (rapid)"]
[EventRounds "4"]
[SourceTitle "Corr 2024"]
[Source "ChessBase"]
[SourceDate "2023.10.19"]
[SourceVersion "1"]
[SourceVersionDate "2023.10.19"]
[SourceQuality "1"]

1. c4 e5 2. Nc3 Bc5 3. e3 Nc6 4. Nf3 d6 5. d4 exd4 6. exd4 Qe7+ 7. Be3 Bb4 8. Bd3 Nf6 9. 0-0 Bxc3 10. bxc3 0-0 11. Re1 Bg4 12. Bg5 Qd8 13. Rb1 Rb8 14. Re4 Bxf3 15. Qxf3 h6 16. Bh4 g5 17. Qf5 Kg7 18. Bxg5 hxg5 19. Qxg5+ 1-0

[Event "FICGS W-ch st1 g05 email"]
[Site "FICGS email"]
[Date "2022.03.14"]
[Round "1"]
[White "Pech, Stepan"]
[Black "Swiatek, Janusz"]
[Result "0-1"]
[WhiteElo "1821"]
[BlackElo "2099"]
[PlyCount "140"]
[EventDate "2022.??.??"]
[EventType "tourn (corr)"]
[EventRounds "6"]
[SourceTitle "Corr 2024"]
[Source "ChessBase"]
[SourceDate "2023.10.19"]
[SourceVersion "1"]
[SourceVersionDate "2023.10.19"]
[SourceQuality "1"]

1. e4 c6 2. d4 d5 3. Nc3 dxe4 4. Nxe4 Nf6 5. Nxf6+ exf6 6. c3 Bd6 7. Bd3 0-0 8. Ne2 c5 9. Qc2 h6 10. Be3 Qc7 11. 0-0-0 c4 12. Be4 Re8 13. Kb1 Nc6 14. d5 Ne5 15. h3 b5 16. Nd4 Bd7 17. Rhe1 Rac8 18. Bh7+ Kh8 19. f4 Nd3 20. Bxd3 cxd3 21. Qxd3 b4 22. cxb4 Bxb4 23. Re2 Bc5 24. g4 f5 25. Rc1 Qb8 26. Rec2 Bxd4 27. Qxd4 Rxc2 28. Rxc2 fxg4 29. hxg4 Bxg4 30. Rg2 Bf5+ 31. Ka1 f6 32. b3 a5 33. Qa7 Qxa7 34. Bxa7 Re1+ 35. Kb2 Rd1 36. Kc3 Rxd5 37. Rd2 Rb5 38. a4 Rb4 39. Rd5 Be6 40. Rb5 Rxf4 41. Bb6 g5 42. Bxa5 h5 43. Bc7 Rf3+ 44. Kc2 h4 45. a5 Rf2+ 46. Kd3 h3 47. a6 Ra2 48. Rb6 Bf5+ 49. Kd4 Kg7 50. b4 Rd2+ 51. Ke3 h2 52. Bxh2 Rxh2 53. Rb7+ Kg6 54. a7 Rh3+ 55. Kd4 Rd3+ 56. Kc5 Ra3 57. b5 Be4 58. Re7 Bf3 59. b6 g4 60. Re8 f5 61. Kb4 Ra1 62. Kc5 Kg5 63. Re3 Ba8 64. Rb3 f4 65. b7 Bxb7 66. Rxb7 f3 67. Rg7+ Kh4 68. Kb6 f2 69. Rh7+ Kg3 70. Rf7 Kg2 0-1

[Event "FICGS no engines 118 email"]
[Site "FICGS email"]
[Date "2021.11.23"]
[Round "1"]
[White "Dominguez Rodriguez, Yosvany"]
[Black "Pech, Stepan"]
[Result "1/2-1/2"]
[WhiteElo "1500"]
[BlackElo "1825"]
[PlyCount "51"]
[EventDate "2021.??.??"]
[EventType "swiss (corr)"]
[EventRounds "1"]
[SourceTitle "Corr 2024"]
[Source "ChessBase"]
[SourceDate "2023.10.19"]
[SourceVersion "1"]
[SourceVersionDate "2023.10.19"]
[SourceQuality "1"]

1. Nf3 d5 2. d4 Nf6 3. c4 c6 4. Nc3 e6 5. Bg5 h6 6. Bh4 Nbd7 7. e3 Be7 8. cxd5 exd5 9. Bd3 0-0 10. 0-0 Re8 11. Qc2 Ne4 12. Bxe7 Qxe7 13. Nd2 Ndf6 14. Rac1 Bf5 15. Ncxe4 Nxe4 16. Bxe4 Bxe4 17. Nxe4 Qxe4 18. Qxe4 Rxe4 19. a4 a5 20. Rc3 f5 21. Rb3 Re7 22. g3 g5 23. Kg2 h5 24. Kf3 Kh7 25. Rg1 Rf8 26. h4 1/2-1/2

[Event "FICGS class C 000347 email"]
[Site "FICGS email"]
[Date "2021.11.15"]
[Round "1"]
[White "Swiatek, Janusz"]
[Black "Pech, Stepan"]
[Result "1-0"]
[WhiteElo "2057"]
[BlackElo "1825"]
[PlyCount "39"]
[EventDate "2021.??.??"]
[EventType "tourn (corr)"]
[EventRounds "1"]
[SourceTitle "Corr 2024"]
[Source "ChessBase"]
[SourceDate "2023.10.19"]
[SourceVersion "1"]
[SourceVersionDate "2023.10.19"]
[SourceQuality "1"]

1. e4 e6 2. d4 d5 3. Nc3 Bb4 4. e5 c5 5. a3 Bxc3+ 6. bxc3 Ne7 7. Qg4 Qc7 8. Qxg7 Rg8 9. Qxh7 cxd4 10. Ne2 Nbc6 11. f4 dxc3 12. Qd3 Bd7 13. Qxc3 Nf5 14. Rb1 d4 15. Qd3 0-0-0 16. Rg1 Na5 17. g4 Ba4 18. c4 Nh4 19. Rg3 b6 20. c5 1-0